व्यायाम आरोग्य आणि आपले सौदर्य (Record no. 312347)

MARC details
000 -LEADER
fixed length control field 00622nam a2200157Ia 4500
008 - FIXED-LENGTH DATA ELEMENTS--GENERAL INFORMATION
fixed length control field 090711s9999 xx 000 0 und d
082 ## - DEWEY DECIMAL CLASSIFICATION NUMBER
Item number 66531
100 ## - MAIN ENTRY--PERSONAL NAME
Personal name साठवणे पां. आ.
245 ## - TITLE STATEMENT
Title व्यायाम आरोग्य आणि आपले सौदर्य
300 ## - PHYSICAL DESCRIPTION
Extent 48
600 ## - SUBJECT ADDED ENTRY--PERSONAL NAME
Personal name साठवणे पां. आ.
630 ## - SUBJECT ADDED ENTRY--UNIFORM TITLE
Uniform title व्यायाम आरोग्य आणि आपले सौदर्य
700 ## - ADDED ENTRY--PERSONAL NAME
Personal name साठवणे पां. आ.
730 ## - ADDED ENTRY--UNIFORM TITLE
Uniform title व्यायाम आरोग्य आणि आपले सौदर्य
942 ## - ADDED ENTRY ELEMENTS (KOHA)
Koha item type Book
Holdings
Withdrawn status Lost status Damaged status Not for loan Home library Current library Date acquired Cost, normal purchase price Total Checkouts Full call number Barcode Date last seen Cost, replacement price Price effective from Koha item type
        Dadar Sarvajanik Vachanalaya, Dardar Dadar Sarvajanik Vachanalaya, Dardar 07/11/2009 3.00   66531 DASAVA-66531 07/11/2009 3.00 07/11/2009 Book